[Event "21.Wörishofen-Seniorenen op"]
[Site "Bad Wörishofen (03.03.-11.03)"]
[Date "2005.03.09"]
[Round "7.52"]
[White "Malik, Heinz[36G'weil]"]
[Black "Lubberich, Alfred,Dr."]
[Result "0-1"]
[WhiteElo "1528"]
[BlackElo "1667"]
[PlyCount "35"]
[EventDate "2005.03.??"]
[Source "Chessorg"]
[SourceDate "2005.12.10"]

1. d4 d5 2. c4 e6 3. Nc3 c5 4. Nf3 Nc6 5. e3 Nf6 6. Bd3 Be7 7. O-O O-O 8. b3 a6
9. Bb2 cxd4 10. exd4 b6 11. Rc1 Bb7 12. cxd5 exd5 13. Re1 Rc8 14. Bb1 Bd6 15.
Rc2 Re8 16. Rce2 Rxe2 17. Rxe2 Qd7 18. Na4 0-1

[Event "21.Wörishofen-Seniorenen op"]
[Site "Bad Wörishofen (03.03.-11.03)"]
[Date "2005.03.09"]
[Round "7.53"]
[White "Hoenig, Josef"]
[Black "Gestrich, Wolfgang,Prof.Dr."]
[Result "1/2-1/2"]
[WhiteElo "1579"]
[BlackElo "1442"]
[PlyCount "32"]
[EventDate "2005.03.??"]
[Source "Chessorg"]
[SourceDate "2005.12.10"]

1. d4 Nf6 2. Nf3 d5 3. c4 Bg4 4. e3 c6 5. Be2 h6 6. Qb3 Qc8 7. Nc3 e6 8. h3 Bf5
9. Nd2 c5 10. a3 Nbd7 11. Nf3 Bd6 12. Bd2 O-O 13. Rc1 Rb8 14. Nh4 Bh7 15. Qd1
Qd8 16. Nf3 a6 1/2-1/2

[Event "21.Wörishofen-Seniorenen op"]
[Site "Bad Wörishofen (03.03.-11.03)"]
[Date "2005.03.09"]
[Round "7.54"]
[White "Erdmann, Wolfgang"]
[Black "Erler, Klaus-Juergen"]
[Result "1/2-1/2"]
[WhiteElo "1533"]
[BlackElo "1569"]
[PlyCount "39"]
[EventDate "2005.03.??"]
[Source "Chessorg"]
[SourceDate "2005.12.10"]

1. d4 d6 2. Nf3 f5 3. Bf4 Nf6 4. h3 c6 5. e3 Be6 6. Ng5 Bg8 7. Bd3 h6 8. Nf3
Nbd7 9. O-O Ne4 10. a3 g5 11. Bg3 Qc7 12. Nbd2 Ndf6 13. Bxe4 fxe4 14. Nh2 O-O-O
15. Ng4 Nxg4 16. Qxg4+ Kb8 17. Nxe4 Bc4 18. Rfe1 Ka8 19. Qh5 Qd7 20. Nd2
1/2-1/2

[Event "21.Wörishofen-Seniorenen op"]
[Site "Bad Wörishofen (03.03.-11.03)"]
[Date "2005.03.09"]
[Round "7.55"]
[White "Dietze, Otto"]
[Black "Kahler, Kurt"]
[Result "0-1"]
[WhiteElo "1536"]
[BlackElo "1673"]
[PlyCount "104"]
[EventDate "2005.03.??"]
[Source "Chessorg"]
[SourceDate "2005.12.10"]

1. e4 e6 2. d4 d5 3. Nd2 c5 4. c3 Nc6 5. Bd3 cxd4 6. cxd4 Nxd4 7. Qa4+ Nc6 8.
Bb5 Bd7 9. exd5 exd5 10. Ne2 a6 11. Bxc6 Bxc6 12. Qd4 Nf6 13. O-O Be7 14. Nf3
O-O 15. Ng3 Re8 16. Re1 Qc7 17. Bg5 Ne4 18. Bxe7 Nxg3 19. Bb4 Re4 20. Qd2 Nf5
21. Rac1 Rd8 22. b3 Rxe1+ 23. Qxe1 Qf4 24. Bd2 Qe4 25. Qd1 h6 26. a4 g5 27. h3
f6 28. Qf1 d4 29. Re1 Qd5 30. Qd3 Qd7 31. Ba5 Rf8 32. Bb4 Rf7 33. Nd2 Nh4 34.
Ne4 Nxg2 35. Kxg2 f5 36. f3 fxe4 37. fxe4 Qf5 38. Qd2 h5 39. Kh2 Qf2+ 40. Qxf2
Rxf2+ 41. Kg1 Rf3 42. e5 Rxb3 43. Bd6 Re3 44. Rd1 d3 45. a5 Kf7 46. Bb4 Rxh3
47. Kf2 Rf3+ 48. Ke1 Ke6 49. Bd6 g4 50. Kd2 h4 51. Kc3 g3 52. Bc5 Kxe5 0-1

[Event "21.Wörishofen-Seniorenen op"]
[Site "Bad Wörishofen (03.03.-11.03)"]
[Date "2005.03.09"]
[Round "7.56"]
[White "Storkebaum, Karl-Heinrich,Dr."]
[Black "Wolf, Alfred[34Bliestal]"]
[Result "1-0"]
[WhiteElo "1877"]
[BlackElo "1736"]
[PlyCount "45"]
[EventDate "2005.03.??"]
[Source "Chessorg"]
[SourceDate "2005.12.10"]

1. d4 d5 2. c4 e6 3. Nf3 Nf6 4. Nc3 c6 5. Bf4 dxc4 6. a4 Bb4 7. Qc2 Nd5 8. Bd2
Qa5 9. e4 Nb6 10. Ne5 N8d7 11. Nxc4 Nxc4 12. Bxc4 e5 13. Be3 Nf6 14. f3 Bd7 15.
dxe5 Qxe5 16. Bxf7+ Kf8 17. Ba2 g6 18. Qb3 Qe7 19. Bh6+ Ke8 20. O-O Rd8 21. Bg5
h6 22. Bxf6 Qxf6 23. Qxb4 1-0

[Event "21.Wörishofen-Seniorenen op"]
[Site "Bad Wörishofen (03.03.-11.03)"]
[Date "2005.03.09"]
[Round "7.57"]
[White "Zacharias, Helmut"]
[Black "Manfeldt, Alfred"]
[Result "0-1"]
[WhiteElo "1340"]
[BlackElo "1554"]
[PlyCount "64"]
[EventDate "2005.03.??"]
[Source "Chessorg"]
[SourceDate "2005.12.10"]

1. d4 Nf6 2. Nd2 d5 3. Ngf3 Nbd7 4. g3 c6 5. Bg2 Qc7 6. O-O e5 7. dxe5 Nxe5 8.
Re1 Be7 9. e4 Nxf3+ 10. Bxf3 dxe4 11. Nxe4 O-O 12. Bf4 Qb6 13. b3 Nxe4 14. Bxe4
Bf6 15. Be3 Qb4 16. Bd2 Qd4 17. Bd3 Qxa1 18. Qxa1 Bxa1 19. Rxa1 Be6 20. h4 Rfd8
21. f4 Rd5 22. Kf2 Bf5 23. g4 Bxd3 24. cxd3 Rxd3 25. Ke2 Rh3 26. Be1 Re8+ 27.
Kd2 Rh2+ 28. Kd3 Rh1 29. Bc3 Rxh4 30. Rg1 Rh3+ 31. Kc4 b5+ 32. Kb4 a5+ 0-1

[Event "21.Wörishofen-Seniorenen op"]
[Site "Bad Wörishofen (03.03.-11.03)"]
[Date "2005.03.09"]
[Round "7.58"]
[White "Salomon, Heide"]
[Black "Luebbers, Doris,Dr."]
[Result "1-0"]
[WhiteElo "1523"]
[BlackElo "1414"]
[PlyCount "66"]
[EventDate "2005.03.??"]
[Source "Chessorg"]
[SourceDate "2005.12.10"]

1. e4 c5 2. d4 cxd4 3. c3 d6 4. Bc4 e6 5. Nf3 Nc6 6. Nxd4 Nf6 7. Nxc6 bxc6 8.
Bd3 Bb7 9. Be3 Be7 10. Nd2 a6 11. O-O O-O 12. f4 Qc7 13. Qe2 Rfe8 14. Nc4 c5
15. e5 dxe5 16. fxe5 Ne4 17. Qg4 Qc6 18. Bxe4 Qxe4 19. Rf4 Qg6 20. Qe2 h6 21.
Rg4 Qh7 22. Rf1 Rf8 23. Qf2 Rac8 24. Nd6 Bxd6 25. exd6 f6 26. Rc4 Bd5 27. Rxc5
Rc6 28. Rxc6 Bxc6 29. Bf4 Rd8 30. Qb6 Qe4 31. Qxd8+ Kh7 32. Rf3 Qe1+ 33. Rf1
Qe2 1-0

[Event "21.Wörishofen-Seniorenen op"]
[Site "Bad Wörishofen (03.03.-11.03)"]
[Date "2005.03.09"]
[Round "7.59"]
[White "Wolfram, Gisbert,Dr."]
[Black "Fanenbruck, Guenter"]
[Result "1/2-1/2"]
[WhiteElo "1548"]
[BlackElo "1569"]
[PlyCount "47"]
[EventDate "2005.03.??"]
[Source "Chessorg"]
[SourceDate "2005.12.10"]

1. Nf3 d6 2. d4 Nf6 3. g3 Nbd7 4. Bg2 e5 5. c4 Be7 6. Nc3 O-O 7. O-O c6 8. d5
Ne8 9. e4 c5 10. Qc2 Bf6 11. Ne1 g5 12. Qe2 Bg7 13. Nd3 h6 14. Rb1 a5 15. b3
Ndf6 16. h3 Bd7 17. Nd1 b5 18. Kh2 bxc4 19. bxc4 Nc7 20. Ne3 Rb8 21. Bd2 Rxb1
22. Rxb1 Na6 23. Nf5 Qc7 24. f4 1/2-1/2

[Event "21.Wörishofen-Seniorenen op"]
[Site "Bad Wörishofen (03.03.-11.03)"]
[Date "2005.03.09"]
[Round "7.60"]
[White "Weibrecht, Carl"]
[Black "Miessner, Rolf"]
[Result "1/2-1/2"]
[WhiteElo "1471"]
[BlackElo "1695"]
[PlyCount "82"]
[EventDate "2005.03.??"]
[Source "Chessorg"]
[SourceDate "2005.12.10"]

1. c4 c6 2. Nc3 d5 3. cxd5 cxd5 4. d4 e6 5. Nf3 Nf6 6. g3 Be7 7. Bg2 O-O 8. O-O
Nbd7 9. Bf4 a6 10. Re1 b5 11. a3 Bb7 12. b4 Rc8 13. Rc1 Nb6 14. Qb3 Nc4 15. a4
Qd7 16. axb5 axb5 17. Bf1 Ne4 18. Red1 Ra8 19. Ra1 Rxa1 20. Rxa1 Ra8 21. Rxa8+
Bxa8 22. Ne5 Nxe5 23. dxe5 Nxc3 24. Qxc3 Qc6 25. Qxc6 Bxc6 26. Bd2 d4 27. f4 f5
28. h4 Bd8 29. e3 Kf7 30. exd4 Ke7 31. Kf2 Kd7 32. h5 g6 33. hxg6 hxg6 34. Ke3
Kc7 35. Kd3 Kb6 36. Kc3 Bd5 37. Be2 Kc6 38. g4 Be4 39. gxf5 gxf5 40. Be1 Bd5
41. Bh5 Kb6 1/2-1/2

[Event "21.Wörishofen-Seniorenen op"]
[Site "Bad Wörishofen (03.03.-11.03)"]
[Date "2005.03.09"]
[Round "7.61"]
[White "Weber, Siegfried[27Fechh']"]
[Black "Wolf, Margot"]
[Result "1-0"]
[WhiteElo "1554"]
[BlackElo "1321"]
[PlyCount "55"]
[EventDate "2005.03.??"]
[Source "Chessorg"]
[SourceDate "2005.12.10"]

1. e4 c6 2. d4 d5 3. exd5 cxd5 4. c4 e6 5. Nc3 Nf6 6. c5 Nc6 7. a3 Qc7 8. f4 b6
9. b4 bxc5 10. Nb5 Qd8 11. dxc5 Be7 12. Nf3 a6 13. Nbd4 Nxd4 14. Nxd4 Bd7 15.
Bd3 O-O 16. Bb2 a5 17. O-O axb4 18. axb4 Rxa1 19. Bxa1 Qc7 20. Qc2 Ra8 21. Bc3
g6 22. g3 Qa7 23. Ra1 Qb7 24. Rxa8+ Qxa8 25. Qb2 Bd8 26. Qa1 Qxa1+ 27. Bxa1 Ne8
28. b5 1-0

[Event "21.Wörishofen-Seniorenen op"]
[Site "Bad Wörishofen (03.03.-11.03)"]
[Date "2005.03.09"]
[Round "7.62"]
[White "Schielke, Klaus"]
[Black "Schoen, Siegfried"]
[Result "1/2-1/2"]
[WhiteElo "1438"]
[BlackElo "1545"]
[PlyCount "61"]
[EventDate "2005.03.??"]
[Source "Chessorg"]
[SourceDate "2005.12.10"]

1. d4 d5 2. Nf3 Nf6 3. e3 c6 4. c4 e6 5. Nc3 Nbd7 6. cxd5 exd5 7. Bd3 Bd6 8.
O-O O-O 9. Re1 Re8 10. Bd2 Nf8 11. h3 Ne6 12. Rc1 g6 13. a3 Ng7 14. e4 dxe4 15.
Nxe4 Nxe4 16. Bxe4 Bf5 17. Bxf5 Nxf5 18. Bc3 Ne7 19. Qd2 Nd5 20. Qh6 Bf4 21.
Rxe8+ Qxe8 22. Ng5 Bxg5 23. Qxg5 Nxc3 24. bxc3 Rd8 25. Kf1 Rd5 26. Qg3 Kg7 27.
Re1 Qd8 28. Re5 Qd6 29. Rxd5 Qxg3 30. fxg3 cxd5 31. Ke2 1/2-1/2

[Event "21.Wörishofen-Seniorenen op"]
[Site "Bad Wörishofen (03.03.-11.03)"]
[Date "2005.03.09"]
[Round "7.63"]
[White "Sieghardt, Walter"]
[Black "Richter, Helmut[41W'kraib]"]
[Result "0-1"]
[WhiteElo "1513"]
[BlackElo "1538"]
[PlyCount "114"]
[EventDate "2005.03.??"]
[Source "Chessorg"]
[SourceDate "2005.12.10"]

1. d4 d5 2. e3 Nf6 3. c4 c6 4. Nc3 e6 5. a3 g6 6. Nf3 Bg7 7. cxd5 cxd5 8. Bd3
O-O 9. b4 a6 10. Bb2 Nc6 11. O-O Bd7 12. Rc1 Re8 13. Bb1 Na7 14. Qb3 Qb6 15.
Na4 Bxa4 16. Qxa4 Rac8 17. Rc5 Bf8 18. Rxc8 Rxc8 19. Rc1 Rxc1+ 20. Bxc1 Qc6 21.
Qd1 Nd7 22. Bd3 Nb5 23. Bb2 Nd6 24. Qc2 Qxc2 25. Bxc2 Nc4 26. Bc1 b5 27. Kf1
Be7 28. Ke2 Kf8 29. Ne1 Ke8 30. Nd3 Kd8 31. Nc5 Nxc5 32. dxc5 Kc7 33. Kd3 Ne5+
34. Ke2 f5 35. Bb3 Kc6 36. h3 a5 37. Kd2 a4 38. Ba2 Bf6 39. Kc2 Nd7 40. f3 Nb8
41. Kd3 Nd7 42. e4 Ne5+ 43. Ke3 fxe4 44. f4 Nc4+ 45. Bxc4 bxc4 46. g4 e5 47. g5
exf4+ 48. Kxf4 Bg7 49. Ke3 h6 50. h4 h5 51. Kf4 c3 52. Ke3 Be5 53. Kf2 d4 54.
Kg2 d3 55. Kf2 d2 56. Bxd2 cxd2 57. Ke2 e3 0-1

[Event "21.Wörishofen-Seniorenen op"]
[Site "Bad Wörishofen (03.03.-11.03)"]
[Date "2005.03.09"]
[Round "7.64"]
[White "Seitz, Heinz[39Nbg]"]
[Black "Hennige, Anneliese"]
[Result "1-0"]
[WhiteElo "1457"]
[BlackElo "1034"]
[PlyCount "53"]
[EventDate "2005.03.??"]
[Source "Chessorg"]
[SourceDate "2005.12.10"]

1. d4 Nf6 2. Nc3 e6 3. e3 Bb4 4. Bd2 Nc6 5. Nf3 O-O 6. Bd3 Re8 7. a3 Bd6 8. Ne4
h6 9. Nxd6 cxd6 10. Bc3 e5 11. Nd2 exd4 12. Bb4 Nxb4 13. axb4 Nd5 14. e4 Nxb4
15. O-O Nxd3 16. cxd3 b5 17. Qb3 Re5 18. Nf3 Rh5 19. Nxd4 g6 20. Ne2 Qh4 21. h3
Qg5 22. f4 Qc5+ 23. Kh2 g5 24. fxg5 Qe5+ 25. Ng3 Qe6 26. Qxe6 fxe6 27. Nxh5 1-0

[Event "21.Wörishofen-Seniorenen op"]
[Site "Bad Wörishofen (03.03.-11.03)"]
[Date "2005.03.09"]
[Round "7.65"]
[White "Buchner, Matthias"]
[Black "Buss, Richard"]
[Result "1/2-1/2"]
[WhiteElo "1456"]
[BlackElo "1373"]
[PlyCount "65"]
[EventDate "2005.03.??"]
[Source "Chessorg"]
[SourceDate "2005.12.10"]

1. e4 e6 2. d4 d5 3. e5 c5 4. c3 Qb6 5. Nf3 Nc6 6. Be2 cxd4 7. cxd4 Bb4+ 8. Nc3
Bd7 9. O-O Bxc3 10. bxc3 Nge7 11. Ba3 O-O 12. Qb3 Qxb3 13. axb3 Rfe8 14. b4 a6
15. h3 Na7 16. g4 Bb5 17. Rfe1 Rac8 18. Rac1 Ng6 19. Kh2 Nf4 20. Bxb5 Nxb5 21.
Bb2 Nd3 22. Rc2 Nxe1 23. Nxe1 Rc7 24. Nd3 Nxd4 25. Rc1 Nb5 26. f4 h6 27. h4
Rec8 28. h5 Na7 29. Kg3 Nc6 30. Kh4 Ra8 31. Ra1 Ne7 32. g5 hxg5+ 33. Kxg5
1/2-1/2

[Event "21.Wörishofen-Seniorenen op"]
[Site "Bad Wörishofen (03.03.-11.03)"]
[Date "2005.03.09"]
[Round "7.66"]
[White "Schafroth, Georg"]
[Black "Antusch, Ingrid"]
[Result "1/2-1/2"]
[WhiteElo "1367"]
[BlackElo "1422"]
[PlyCount "37"]
[EventDate "2005.03.??"]
[Source "Chessorg"]
[SourceDate "2005.12.10"]

1. d4 f5 2. c4 Nf6 3. Nc3 e6 4. Nf3 c6 5. e3 d5 6. Bd3 Bd6 7. h3 Nbd7 8. O-O
Ne4 9. Qc2 O-O 10. c5 Bc7 11. Be2 Qf6 12. Nh2 Qh4 13. Nf3 Qh6 14. Nxe4 fxe4 15.
Nh2 Qg5 16. Bg4 Nf6 17. f3 h5 18. f4 Qg6 19. Bd1 1/2-1/2

[Event "21.Wörishofen-Seniorenen op"]
[Site "Bad Wörishofen (03.03.-11.03)"]
[Date "2005.03.09"]
[Round "7.68"]
[White "Kuhnert, Werner"]
[Black "Ludwig, Egbert"]
[Result "1-0"]
[WhiteElo "1316"]
[BlackElo "1098"]
[PlyCount "103"]
[EventDate "2005.03.??"]
[Source "Chessorg"]
[SourceDate "2005.12.10"]

1. d4 e6 2. c4 d5 3. Nc3 Nf6 4. e3 c6 5. Be2 Nbd7 6. Nf3 Bd6 7. Qc2 O-O 8. O-O
Re8 9. Re1 Qe7 10. Bd3 e5 11. dxe5 Nxe5 12. Nxe5 Bxe5 13. Bd2 Qc7 14. f4 dxc4
15. Bxc4 Bd6 16. Bd3 Bd7 17. Ne4 Nxe4 18. Bxe4 h6 19. Rac1 c5 20. b3 Bc6 21.
Bxc6 Qxc6 22. Qb2 Qc7 23. Qc3 b6 24. Qc4 Rac8 25. Qd5 Qc6 26. Qd3 Qc7 27. Qf1
Qb8 28. Qf3 Rcd8 29. Bc3 Re6 30. Rcd1 Qc7 31. Qg3 Rg6 32. Qf3 Re6 33. Qf2 b5
34. Qf3 a6 35. Qg3 Rg6 36. Qf3 Re6 37. g3 Qb8 38. f5 Ree8 39. Qg4 f6 40. Bxf6
Bf8 41. Bxd8 Be7 42. Bxe7 Rxe7 43. f6 Rf7 44. fxg7 Rxg7 45. Qe6+ Rf7 46. Qxh6
Qe8 47. Qg5+ Rg7 48. Qxc5 Rh7 49. Qd5+ Rf7 50. Qd8 Kf8 51. Rf1 Kg7 52. Qxe8 1-0

[Event "21.Wörishofen-Seniorenen op"]
[Site "Bad Wörishofen (03.03.-11.03)"]
[Date "2005.03.09"]
[Round "7.69"]
[White "Block, Herbert"]
[Black "Malik, Rosemarie"]
[Result "1/2-1/2"]
[WhiteElo "1402"]
[BlackElo "1335"]
[PlyCount "61"]
[EventDate "2005.03.??"]
[Source "Chessorg"]
[SourceDate "2005.12.10"]

1. c4 d6 2. Nc3 Nf6 3. d3 c6 4. g3 b6 5. Bg2 Bb7 6. Nf3 e5 7. e4 Nbd7 8. O-O
Be7 9. h3 O-O 10. Nh2 Rb8 11. a4 Re8 12. f4 exf4 13. Bxf4 Rf8 14. Ng4 Nxg4 15.
Qxg4 Ne5 16. Qe2 Bf6 17. d4 Ng6 18. d5 Nxf4 19. Rxf4 Bxc3 20. bxc3 c5 21. Raf1
Qe7 22. Rh4 Qe5 23. Qe3 Rbe8 24. Rhf4 Bc8 25. Kh2 g6 26. Rf6 Kg7 27. R6f4 f6
28. Kh1 Rf7 29. g4 g5 30. R4f2 Ref8 31. Bf3 1/2-1/2

[Event "21.Wörishofen-Seniorenen op"]
[Site "Bad Wörishofen (03.03.-11.03)"]
[Date "2005.03.09"]
[Round "7.70"]
[White "Lamberger, Werner[39AUT]"]
[Black "Froeling, Philippa"]
[Result "1/2-1/2"]
[WhiteElo "1169"]
[BlackElo "1269"]
[PlyCount "76"]
[EventDate "2005.03.??"]
[Source "Chessorg"]
[SourceDate "2005.12.10"]

1. d4 d5 2. c4 c6 3. cxd5 cxd5 4. Nc3 Nf6 5. g3 e6 6. a3 g6 7. Bg2 Bg7 8. Bg5
Nbd7 9. Rc1 a6 10. Nf3 b5 11. O-O O-O 12. Rc2 Bb7 13. Ne5 Qa5 14. Bd2 Qb6 15.
Bg5 Nxe5 16. dxe5 Ng4 17. e3 Nxe5 18. Re1 f6 19. Qd4 Qxd4 20. exd4 Nc6 21. Be3
Ne7 22. Bh3 Nf5 23. Bxf5 exf5 24. f4 Rfe8 25. Na2 g5 26. Rce2 Re7 27. Bd2 Rxe2
28. Rxe2 h6 29. Re7 Bc6 30. Nb4 Bf8 31. Rc7 Bxb4 32. Bxb4 Be8 33. h3 a5 34. Bc5
Ra6 35. Re7 Bf7 36. b3 Re6 37. Kf2 Rxe7 38. Bxe7 Kg7 1/2-1/2

[Event "21.Wörishofen-Seniorenen op"]
[Site "Bad Wörishofen (03.03.-11.03)"]
[Date "2005.03.10"]
[Round "8.1"]
[White "Goy, Udo"]
[Black "Fischer, Johann[35München]"]
[Result "0-1"]
[WhiteElo "2163"]
[BlackElo "2238"]
[PlyCount "44"]
[EventDate "2005.03.??"]
[Source "Chessorg"]
[SourceDate "2005.12.10"]

1. d4 Nf6 2. c4 e6 3. Nf3 b6 4. g3 Bb7 5. Bg2 Bb4+ 6. Nbd2 O-O 7. O-O d5 8. a3
Be7 9. Qc2 Nbd7 10. e3 dxc4 11. Qxc4 c5 12. b4 Rc8 13. dxc5 bxc5 14. b5 Bd5 15.
Qc2 c4 16. Nd4 Ne5 17. Bb2 Bxg2 18. Kxg2 c3 19. Bxc3 Qd5+ 20. f3 Qc5 21. Nc6
Nxc6 22. bxc6 Nd5 0-1

[Event "21.Wörishofen-Seniorenen op"]
[Site "Bad Wörishofen (03.03.-11.03)"]
[Date "2005.03.10"]
[Round "8.2"]
[White "Bierwisch, Bernhard"]
[Black "Kraft, Hans"]
[Result "1-0"]
[WhiteElo "2117"]
[BlackElo "2052"]
[PlyCount "65"]
[EventDate "2005.03.??"]
[Source "Chessorg"]
[SourceDate "2005.12.10"]

1. e4 c5 2. Nf3 Nc6 3. d4 cxd4 4. Nxd4 g6 5. Nc3 Bg7 6. Be3 Nf6 7. Nxc6 bxc6 8.
e5 Ng8 9. Bd4 c5 10. Bxc5 Bxe5 11. Bd4 Bxd4 12. Qxd4 f6 13. Bc4 Nh6 14. O-O-O
Qb6 15. Qf4 g5 16. Qf3 Rb8 17. Qh5+ Kd8 18. Qxh6 Qxb2+ 19. Kd2 Qb6 20. Qg7
Qxf2+ 21. Ne2 Re8 22. Qxh7 Rb6 23. Qh3 d5 24. Qd3 Rd6 25. Bb5 Rh8 26. Qd4 Qxg2
27. Qxa7 e5 28. Qa5+ Ke7 29. Rdg1 Qf2 30. Qc7+ Bd7 31. Rf1 Qh4 32. Bxd7 Rxd7
33. Qc5+ 1-0

[Event "21.Wörishofen-Seniorenen op"]
[Site "Bad Wörishofen (03.03.-11.03)"]
[Date "2005.03.10"]
[Round "8.3"]
[White "Riedel, Lutz"]
[Black "Minz, Michael"]
[Result "1/2-1/2"]
[WhiteElo "2010"]
[BlackElo "2055"]
[PlyCount "57"]
[EventDate "2005.03.??"]
[Source "Chessorg"]
[SourceDate "2005.12.10"]

1. c4 e6 2. g3 d5 3. Bg2 Nf6 4. Nf3 c6 5. Qc2 Nbd7 6. b3 Bd6 7. d4 Ne4 8. O-O
O-O 9. Bb2 f6 10. Nbd2 Nxd2 11. Nxd2 f5 12. e3 Qe7 13. a4 Nf6 14. Nf3 Bd7 15.
Ne5 Be8 16. c5 Bc7 17. a5 a6 18. Nd3 g5 19. f3 Bg6 20. Qd2 Nd7 21. f4 g4 22.
Ra2 Nf6 23. Qd1 h5 24. Bc3 Kg7 25. Be1 Rh8 26. Qa1 Rh7 27. Kf2 h4 28. Ke2 h3
29. Bh1 1/2-1/2

[Event "21.Wörishofen-Seniorenen op"]
[Site "Bad Wörishofen (03.03.-11.03)"]
[Date "2005.03.10"]
[Round "8.4"]
[White "Schurig, Wilhelm"]
[Black "Packroff, Hermann"]
[Result "0-1"]
[WhiteElo "1970"]
[BlackElo "2103"]
[PlyCount "108"]
[EventDate "2005.03.??"]
[Source "Chessorg"]
[SourceDate "2005.12.10"]

1. Nf3 Nf6 2. g3 b5 3. Bg2 Bb7 4. d3 d5 5. O-O Nbd7 6. Nfd2 e6 7. e4 dxe4 8.
dxe4 Bc5 9. Nc3 b4 10. Na4 Be7 11. c4 e5 12. Qc2 O-O 13. Rd1 Qe8 14. Nf1 Nc5
15. Nxc5 Bxc5 16. Be3 Qc6 17. Bxc5 Qxc5 18. Ne3 Rfd8 19. Rxd8+ Rxd8 20. Rd1
Rxd1+ 21. Qxd1 g6 22. Nd5 Bxd5 23. cxd5 Ne8 24. h4 Nd6 25. g4 h6 26. Qf3 Kg7
27. g5 hxg5 28. hxg5 Qc1+ 29. Kh2 Qxg5 30. Qe2 Qf4+ 31. Kg1 Qc1+ 32. Bf1 Qb1
33. f3 Qc1 34. Kf2 a5 35. b3 Qc5+ 36. Kg2 Qd4 37. Qc2 Qc3 38. Qe2 Qc5 39. Kh2
Ne8 40. Bg2 Nf6 41. Qd2 Nh5 42. Qg5 Qd6 43. Qe3 Nf4 44. Bf1 Qf6 45. Qf2 Qg5 46.
Kh1 Nh5 47. Bg2 Qc1+ 48. Kh2 Qf4+ 49. Kg1 Qc1+ 50. Kh2 g5 51. Bf1 Qf4+ 52. Kg2
g4 53. Be2 g3 54. Qe1 Qh4 0-1

[Event "21.Wörishofen-Seniorenen op"]
[Site "Bad Wörishofen (03.03.-11.03)"]
[Date "2005.03.10"]
[Round "8.6"]
[White "Knebel, Willi"]
[Black "Villing, Dieter"]
[Result "1-0"]
[WhiteElo "1937"]
[BlackElo "2163"]
[PlyCount "93"]
[EventDate "2005.03.??"]
[Source "Chessorg"]
[SourceDate "2005.12.10"]

1. e4 d6 2. d4 Nf6 3. Nc3 c6 4. Bd3 e5 5. dxe5 dxe5 6. Nf3 Nbd7 7. O-O Be7 8.
Kh1 O-O 9. Qe2 Qc7 10. Bg5 Re8 11. Rae1 Nc5 12. Nd2 Ne6 13. Be3 Bc5 14. Bxc5
Nxc5 15. Bc4 b5 16. Qe3 Qe7 17. Be2 Ne6 18. g3 Nd4 19. Bd1 Bh3 20. Rg1 Rad8 21.
g4 Bxg4 22. Bxg4 Nxg4 23. Rxg4 f5 24. exf5 Nxc2 25. Qe2 Nxe1 26. Qxe1 Qd7 27.
Nce4 Qxf5 28. Qg1 g6 29. Rg5 Qf7 30. Qc1 Qd5 31. f3 Rf8 32. Kg2 Kg7 33. Qc3 Rf5
34. Rg4 Rd7 35. Nf1 Qd1 36. Nfg3 Kf7 37. Nxf5 gxf5 38. Nf2 Qd2 39. Rh4 Qg5+ 40.
Kh3 Re7 41. Rxh7+ Kg6 42. Rxe7 Qxe7 43. Qxc6+ Kg5 44. Qxb5 Kf4 45. Nd3+ Kxf3
46. Nxe5+ Ke4 47. Qe2+ 1-0

[Event "21.Wörishofen-Seniorenen op"]
[Site "Bad Wörishofen (03.03.-11.03)"]
[Date "2005.03.10"]
[Round "8.7"]
[White "Neese, Hans-Joachim"]
[Black "Budt, Karl-Heinz"]
[Result "1-0"]
[WhiteElo "2100"]
[BlackElo "2002"]
[PlyCount "69"]
[EventDate "2005.03.??"]
[Source "Chessorg"]
[SourceDate "2005.12.10"]

1. d4 d5 2. Nf3 e6 3. c4 c5 4. e3 Nc6 5. a3 Nf6 6. Nc3 Bd6 7. dxc5 Bxc5 8. b4
Bd6 9. Bb2 O-O 10. Qb3 dxc4 11. Bxc4 Ne5 12. Be2 Bd7 13. O-O Nxf3+ 14. Bxf3 Qc7
15. h3 Bc6 16. e4 Be5 17. Rac1 Bxc3 18. Rxc3 Qb6 19. Re1 Rfd8 20. Rce3 Rac8 21.
a4 Be8 22. Be2 Qc7 23. Rg3 e5 24. Qf3 Qe7 25. Rd1 Bxa4 26. Rxd8+ Rxd8 27. Qf5
Re8 28. f4 Qxb4 29. Bxe5 Rxe5 30. Qxe5 Qe1+ 31. Kh2 Qxe2 32. Qxf6 g6 33. Qd8+
Kg7 34. Qd4+ Kg8 35. Qxa4 1-0

[Event "21.Wörishofen-Seniorenen op"]
[Site "Bad Wörishofen (03.03.-11.03)"]
[Date "2005.03.10"]
[Round "8.8"]
[White "Fahnenschmidt, Gerhard,Dr."]
[Black "Hoennekes, Klaus"]
[Result "1/2-1/2"]
[WhiteElo "2020"]
[BlackElo "2011"]
[PlyCount "43"]
[EventDate "2005.03.??"]
[Source "Chessorg"]
[SourceDate "2005.12.10"]

1. d4 Nf6 2. c4 e6 3. Nc3 Bb4 4. e3 Bxc3+ 5. bxc3 d6 6. Bd3 Nc6 7. f4 e5 8. d5
e4 9. Bb1 Ne7 10. Ne2 Bg4 11. Qa4+ Bd7 12. Qb3 Nf5 13. h3 h5 14. Qxb7 h4 15.
O-O Rb8 16. Qa6 O-O 17. Nd4 Ng3 18. Re1 g6 19. Ba3 Rb6 20. Qa5 Qc8 21. Kh2 Ra6
22. Qb4 1/2-1/2

[Event "21.Wörishofen-Seniorenen op"]
[Site "Bad Wörishofen (03.03.-11.03)"]
[Date "2005.03.10"]
[Round "8.9"]
[White "Schuler, Georg"]
[Black "Delander, Adolf"]
[Result "1/2-1/2"]
[WhiteElo "1885"]
[BlackElo "2030"]
[PlyCount "26"]
[EventDate "2005.03.??"]
[Source "Chessorg"]
[SourceDate "2005.12.10"]

1. c4 c6 2. Nc3 d5 3. cxd5 cxd5 4. d4 e6 5. Nf3 Nf6 6. g3 Nc6 7. Bg2 Bd6 8. O-O
h6 9. Re1 O-O 10. e4 dxe4 11. Nxe4 Nxe4 12. Rxe4 Ne7 13. Bd2 Bd7 1/2-1/2

[Event "21.Wörishofen-Seniorenen op"]
[Site "Bad Wörishofen (03.03.-11.03)"]
[Date "2005.03.10"]
[Round "8.10"]
[White "Will, Michael[40Naumb]"]
[Black "Fischer, Ernst[37Weiden]"]
[Result "0-1"]
[WhiteElo "1753"]
[BlackElo "1940"]
[PlyCount "90"]
[EventDate "2005.03.??"]
[Source "Chessorg"]
[SourceDate "2005.12.10"]

1. d4 Nf6 2. f3 d5 3. Bg5 e6 4. Nh3 c5 5. e3 Qb6 6. b3 cxd4 7. exd4 Be7 8. c3
Nc6 9. Nf2 e5 10. dxe5 Nxe5 11. Nd3 Ng6 12. Qd2 O-O 13. Be3 Qc7 14. Be2 Bd6 15.
g3 Re8 16. Bf2 Bh3 17. Kd1 Bf5 18. Bd4 Rad8 19. a4 Re6 20. g4 Nf4 21. gxf5 Rxe2
22. Qxe2 Nxe2 23. Kxe2 Re8+ 24. Kd1 Qd7 25. Re1 Rxe1+ 26. Nxe1 Qxf5 27. Nd2 Be5
28. Bxa7 Bxc3 29. Rc1 Be5 30. h4 h5 31. Rc5 Bg3 32. Rb5 Kh7 33. Rxb7 Qe6 34.
Nc2 Bxh4 35. b4 Qa6 36. Rxf7 Qxa4 37. Bc5 Bg5 38. Nf1 Qb3 39. Nfe3 Qd3+ 40. Ke1
d4 41. Nxd4 Qxe3+ 42. Kf1 Qc3 43. Kg2 Qd2+ 44. Kf1 Bh4 45. Kg1 Bf2+ 0-1

[Event "21.Wörishofen-Seniorenen op"]
[Site "Bad Wörishofen (03.03.-11.03)"]
[Date "2005.03.10"]
[Round "8.11"]
[White "Aigner, Georg"]
[Black "Wolfram, Gisbert,Dr."]
[Result "1-0"]
[WhiteElo "1823"]
[BlackElo "1548"]
[PlyCount "87"]
[EventDate "2005.03.??"]
[Source "Chessorg"]
[SourceDate "2005.12.10"]

1. e4 c6 2. d4 d5 3. Nc3 dxe4 4. Nxe4 Nd7 5. Nf3 Ngf6 6. Ng3 e6 7. Bd3 Bd6 8.
c4 O-O 9. O-O Re8 10. Bg5 h6 11. Bd2 Qc7 12. Qc1 e5 13. Re1 exd4 14. Rxe8+ Nxe8
15. Bxh6 Ne5 16. Nxe5 Bxe5 17. f4 Bf6 18. Qe1 Bd7 19. Qe4 gxh6 20. Qh7+ Kf8 21.
Nh5 Ke7 22. Re1+ Kd8 23. Qxf7 Qd6 24. Bf5 Kc7 25. Re6 Qc5 26. Rxe8 Rxe8 27.
Qxd7+ Kb6 28. Nxf6 Re7 29. Qd8+ Ka6 30. Nd7 Rxd7 31. Qxd7 Qxc4 32. g3 Qc1+ 33.
Kg2 Qxb2+ 34. Kh3 c5 35. Bd3+ Ka5 36. f5 Qb6 37. f6 a6 38. Qf5 Qd6 39. f7 Qf8
40. Qe6 b5 41. Qe8 Qxf7 42. Qxf7 c4 43. Bxc4 bxc4 44. Qxc4 1-0